Jazyk internetu

Komunikácia na internete prebieha v súčasnosti hlavne v písomnej forme a jazyk, ktorý na internete používame sa líši od jazyka, ktorý používame v bežnom písomnom styku mimo internetového (virtuálneho) prostredia. Táto odlišnosť vyplýva nielen z odlišného prostredia (reálne verzus virtuálne), ale aj...

ver descrição completa

Na minha lista:
Detalhes bibliográficos
Autor principal: Stradiotová, Eva, 1963-
Formato: Capítulo de Livro
Idioma:eslovaco
Assuntos:
Tags: Adicionar Tag
Sem tags, seja o primeiro a adicionar uma tag!

MARC

LEADER 00000nla$a2200000$$$4500
001 0142579
005 20240502072545.1
041 0 |a slo 
044 |a SK 
245 1 0 |a Jazyk internetu  |c Eva Stradiotová 
520 |a Komunikácia na internete prebieha v súčasnosti hlavne v písomnej forme a jazyk, ktorý na internete používame sa líši od jazyka, ktorý používame v bežnom písomnom styku mimo internetového (virtuálneho) prostredia. Táto odlišnosť vyplýva nielen z odlišného prostredia (reálne verzus virtuálne), ale aj z odlišných potrieb týchto rozdielnych prostredí. Pri písomnej komunikácii na internete často dochádza k účelovému „zjednodušovaniu“ písomnej formy s cieľom urýchliť komunikáciu. 
610 2 0 |a internet 
610 2 0 |a komunikácia 
610 2 0 |a komunikácia interpersonálna 
610 2 0 |a siete sociálne 
100 1 |a Stradiotová, Eva, 1963-